[Event "25th European Teams"]
[Site "Batumi GEO"]
[Date "2025.10.12"]
[Round "7.18"]
[Board "2"]
[White "Nemsadze, Daviti"]
[Black "Melaugh, Shane"]
[Result "1-0"]
[WhiteTitle "FM"]
[BlackTitle "CM"]
[WhiteElo "2348"]
[BlackElo "2192"]
[WhiteTeam "Georgia 3"]
[BlackTeam "Ireland"]
[WhiteFideId "13619250"]
[BlackFideId "2509580"]
[EventDate "2025.10.05"]

1. e4 c5 2. Nf3 e6 3. d4 cxd4 4. Nxd4 Nf6 5. Nc3 Nc6 6. Nxc6 bxc6 7. e5 Nd5 8.
Ne4 Qc7 9. f4 Rb8 10. c4 Bb4+ 11. Ke2 O-O 12. a3 Qa5 13. cxd5 cxd5 14. Bd2 Bxd2
15. Qxd2 Qb6 16. Nd6 f6 17. Ke1 fxe5 18. fxe5 a5 19. Bb5 Ba6 20. a4 Bxb5 21.
axb5 Qc5 22. Rc1 Qb6 23. h4 h6 24. h5 Kh8 25. Rc2 a4 26. g4 Rf3 27. Rf1 Rbf8 28.
Rxf3 Qg1+ 29. Ke2 Qg2+ 30. Kd1 Qxf3+ 31. Qe2 Qh1+ 32. Kd2 Qg1 33. Rc8 Qd4+ 34.
Kc1 Rxc8+ 35. Nxc8 Qc5+ 36. Qc2 Qg1+ 37. Kd2 Qd4+ 38. Ke2 Qxg4+ 39. Kd3 Qe4+ 40.
Kd2 Qd4+ 41. Kc1 Qg1+ 42. Qd1 Qc5+ 43. Kb1 Qxc8 44. Qd4 Qf8 45. Ka2 Qc8 46. b6
Qb7 47. Qc5 d4 48. Qxd4 Qc6 49. Qb4 Qb7 50. Qc5 Kg8 51. Ka3 Qa6 52. Kb4 Kf7 53.
Qc7 Qd3 54. b7 Qd4+ 55. Ka5 Qd2+ 56. Ka6 a3 57. bxa3 Qd3+ 58. Ka7 Qxa3+ 59. Kb8
Ke8 60. Kc8 Qa6 61. Qxd7+ 1-0

[Event "25th European Teams"]
[Site "Batumi GEO"]
[Date "2025.10.12"]
[Round "7.18"]
[Board "3"]
[White "Tureshbayev, Anuar"]
[Black "Qalichava, Akaki"]
[Result "0-1"]
[WhiteTitle "CM"]
[BlackTitle "FM"]
[WhiteElo "2285"]
[BlackElo "2333"]
[WhiteTeam "Ireland"]
[BlackTeam "Georgia 3"]
[WhiteFideId "651081709"]
[BlackFideId "13615408"]
[EventDate "2025.10.05"]

1. e4 c5 2. Nf3 e6 3. d4 cxd4 4. Nxd4 Nc6 5. Nc3 Qc7 6. Be3 a6 7. Qf3 Nf6 8.
O-O-O Ne5 9. Qg3 b5 10. f4 Neg4 11. e5 Nxe3 12. exf6 Nxd1 13. fxg7 Rg8 14. Nd5
exd5 15. gxf8=Q+ Kxf8 16. Qa3+ b4 17. Qxb4+ d6 18. Kxd1 Rb8 19. Qa3 Qc5 20. Nb3
Bg4+ 21. Kc1 Qxa3 22. bxa3 Bf5 23. g3 Be4 24. Rg1 a5 25. Bh3 a4 26. Nd4 Kg7 27.
Re1 Rb7 28. Bf5 Rgb8 29. Kd2 Bxf5 30. Nxf5+ Kf6 31. Ne3 Rb5 32. Kd3 Kg6 33. Rd1
Rb2 34. Ke2 Rxa2 35. Rxd5 Rxa3 36. Rxd6+ Kg7 37. Kd2 Ra8 38. c4 Ra2+ 39. Kc3
Rxh2 40. Rd1 a3 41. Ra1 a2 42. c5 Ra3+ 0-1

[Event "25th European Teams"]
[Site "Batumi GEO"]
[Date "2025.10.12"]
[Round "7.18"]
[Board "4"]
[White "Safarov, Deniel"]
[Black "O'Gorman, Alice"]
[Result "1-0"]
[WhiteTitle "FM"]
[WhiteElo "2280"]
[BlackElo "1960"]
[WhiteTeam "Georgia 3"]
[BlackTeam "Ireland"]
[WhiteFideId "13619802"]
[BlackFideId "2508214"]
[EventDate "2025.10.05"]

1. Nf3 c5 2. e3 Nc6 3. c4 e5 4. d3 g6 5. Nc3 Bg7 6. Be2 Nge7 7. O-O d6 8. a3 O-O
9. Rb1 a5 10. Ne1 Be6 11. Nc2 d5 12. cxd5 Nxd5 13. Bd2 Re8 14. Qc1 a4 15. e4 Nc7
16. f4 exf4 17. Bxf4 Nd4 18. Nxd4 Bxd4+ 19. Kh1 Qd7 20. Qe1 Rec8 21. Nd1 b5 22.
Qg3 b4 23. Ne3 Nb5 24. Ng4 Bxg4 25. Bxg4 Qe7 26. Bxc8 Rxc8 27. axb4 cxb4 28. Bh6
Be5 29. Rbc1 Ra8 30. Qg4 Nd6 31. d4 Bxd4 32. e5 Bxe5 33. Qxb4 Nf5 34. Qa5 Re8
35. Bf4 Bxb2 36. Rce1 Qd7 37. Rxe8+ Qxe8 38. Bc1 Bd4 39. Re1 Qc6 40. Qd8+ Kg7
41. Ba3 h5 42. Qf8+ Kf6 43. Be7+ Nxe7 44. Qh8+ Kf5 45. Qxd4 Qc7 46. Rf1+ 1-0

[Event "25th European Teams"]
[Site "Batumi GEO"]
[Date "2025.10.12"]
[Round "7.19"]
[Board "1"]
[White "Nielsen, Hogni Egilstoft"]
[Black "Stefansson, Vignir Vatnar"]
[Result "1/2-1/2"]
[WhiteTitle "IM"]
[BlackTitle "GM"]
[WhiteElo "2389"]
[BlackElo "2506"]
[WhiteTeam "Faroe Islands"]
[BlackTeam "Iceland"]
[WhiteFideId "7200404"]
[BlackFideId "2308649"]
[EventDate "2025.10.05"]

1. e4 e6 2. d4 d5 3. Nd2 c5 4. Ngf3 cxd4 5. Nxd4 Ne7 6. exd5 Nxd5 7. N2f3 Bb4+
8. Bd2 O-O 9. c4 Bxd2+ 10. Qxd2 Nf6 11. Nb3 Qc7 12. Be2 Rd8 13. Qc3 b6 14. O-O
Bb7 15. Rfd1 Nbd7 16. Nbd4 a6 17. Rac1 Rac8 18. h3 Ne4 19. Qe3 e5 20. Nf5 Ndf6
21. Ng5 h6 22. Nxe4 Bxe4 23. Ng3 Bg6 24. b4 a5 25. a3 Qb8 26. Qb3 axb4 27. axb4
h5 28. Qc3 Nd5 29. Qf3 Nf4 30. Qe3 Rd4 31. Bf1 h4 32. Ne2 Rd3 33. Nxf4 Rxe3 34.
Nxg6 fxg6 35. fxe3 Qa7 36. Rc3 Qa4 37. Rb1 Qa2 38. Rbc1 Qb2 39. c5 Qxb4 40. c6
Rc7 41. Bc4+ Kf8 42. Be6 Ke7 43. Bg4 b5 44. Kh2 Qa5 45. Rc5 Kd6 46. e4 Qa3 47.
R5c3 Qa7 48. Rd1+ Ke7 49. Rd7+ Rxd7 50. cxd7 Qf2 51. Rd3 Kd8 52. Rf3 1/2-1/2

[Event "25th European Teams"]
[Site "Batumi GEO"]
[Date "2025.10.12"]
[Round "7.19"]
[Board "2"]
[White "Kjartansson, Gudmundur"]
[Black "Apol, Luitjen Akselsson"]
[Result "1-0"]
[WhiteTitle "GM"]
[BlackTitle "FM"]
[WhiteElo "2422"]
[BlackElo "2318"]
[WhiteTeam "Iceland"]
[BlackTeam "Faroe Islands"]
[WhiteFideId "2301318"]
[BlackFideId "7202466"]
[EventDate "2025.10.05"]

1. c4 g6 2. d4 Nf6 3. Nf3 Bg7 4. g3 O-O 5. Bg2 d6 6. Nc3 Nbd7 7. O-O e5 8. Qc2
exd4 9. Nxd4 c6 10. Rd1 Qb6 11. b3 Re8 12. h3 a5 13. e4 Nc5 14. Be3 a4 15. Rab1
axb3 16. Nxb3 Qa6 17. Rxd6 Na4 18. Nb5 cxb5 19. Rxa6 bxa6 20. Na5 Bd7 21. c5 Be6
22. c6 Rec8 23. Rd1 Nd7 24. e5 Ndb6 25. c7 Bxe5 26. Bxa8 Nxa8 27. Rd8+ Kg7 28.
Qe4 Bxc7 29. Bd4+ 1-0

[Event "25th European Teams"]
[Site "Batumi GEO"]
[Date "2025.10.12"]
[Round "7.19"]
[Board "3"]
[White "Egilstoft, Rogvi"]
[Black "Ragnarsson, Dagur"]
[Result "1-0"]
[WhiteTitle "FM"]
[BlackTitle "IM"]
[WhiteElo "2304"]
[BlackElo "2385"]
[WhiteTeam "Faroe Islands"]
[BlackTeam "Iceland"]
[WhiteFideId "7200447"]
[BlackFideId "2304058"]
[EventDate "2025.10.05"]

1. e4 e5 2. Nf3 Nf6 3. d4 Nxe4 4. Bd3 d5 5. Nxe5 Bd6 6. O-O O-O 7. c4 c5 8. cxd5
Nf6 9. Bg5 cxd4 10. f4 h6 11. Bxf6 Qxf6 12. Nd2 Nd7 13. Ne4 Qe7 14. Nc4 Bb8 15.
d6 Qd8 16. Qh5 Nf6 17. Nxf6+ Qxf6 18. g4 g6 19. Qxh6 Qg7 20. Qg5 Be6 21. Rad1
Bxc4 22. d7 Bxf4 23. Rxf4 Bxa2 24. Re1 Kh7 25. Re7 Qh6 26. Qf6 Qg7 27. Qh4+ Kg8
28. Qg5 Kh7 29. Rf6 Qh6 30. Qc5 Kg8 31. Qxd4 Rad8 32. h4 b5 33. g5 Qh8 34. Bxg6
Be6 35. Bc2 Rxd7 36. Rxd7 Bxd7 37. Bb3 Be8 38. Rg6+ 1-0

[Event "25th European Teams"]
[Site "Batumi GEO"]
[Date "2025.10.12"]
[Round "7.19"]
[Board "4"]
[White "Stefansson, Hannes"]
[Black "Poulsen, Martin"]
[Result "1-0"]
[WhiteTitle "GM"]
[BlackTitle "FM"]
[WhiteElo "2408"]
[BlackElo "2276"]
[WhiteTeam "Iceland"]
[BlackTeam "Faroe Islands"]
[WhiteFideId "2300087"]
[BlackFideId "7200315"]
[EventDate "2025.10.05"]

1. d4 f5 2. c4 Nf6 3. Nc3 g6 4. g3 Bg7 5. Bg2 O-O 6. Nf3 c6 7. O-O d6 8. Rb1 Kh8
9. Qd3 Ne4 10. Bf4 Qe8 11. Nxe4 fxe4 12. Qxe4 Bf5 13. Qe3 Bxb1 14. Rxb1 Nd7 15.
d5 Nb6 16. dxc6 Nxc4 17. Qe6 Na5 18. cxb7 Nxb7 19. Ng5 Rb8 20. Qh3 h5 21. Ne6
Rf6 22. Bg5 Nc5 23. Bxf6 Bxf6 24. b3 Nxe6 25. Qxe6 Qc8 26. Qe3 Kg7 27. Qxa7 Qc2
28. Rf1 Rc8 29. Qa6 Rc3 30. h4 Rc5 31. b4 Rc3 32. Bf3 Qb2 33. b5 Ra3 34. Qc6
Rxa2 35. b6 Ra6 36. Qe8 Rxb6 37. Be4 Qxe2 38. Qxg6+ Kf8 39. Bd5 Qg4 40. Qf7# 1-0

[Event "25th European Teams"]
[Site "Batumi GEO"]
[Date "2025.10.12"]
[Round "7.20"]
[Board "1"]
[White "Waldhausen Gordon, Frederick"]
[Black "Lortkipanidze, Nodar"]
[Result "1/2-1/2"]
[WhiteTitle "FM"]
[BlackTitle "IM"]
[WhiteElo "2389"]
[BlackElo "2371"]
[WhiteTeam "Scotland"]
[BlackTeam "Georgia 4"]
[WhiteFideId "2409143"]
[BlackFideId "13604058"]
[EventDate "2025.10.05"]

1. d4 Nf6 2. c4 e6 3. Nf3 b6 4. g3 Ba6 5. b3 Bb7 6. Bg2 Bb4+ 7. Bd2 a5 8. O-O
O-O 9. Nc3 Ne4 10. Nxe4 Bxe4 11. a3 Bxd2 12. Nxd2 Bxg2 13. Kxg2 Qf6 14. e3 d6
15. Qf3 Qxf3+ 16. Kxf3 Nd7 17. Ne4 f5 18. Nc3 Nf6 19. Ke2 Ne4 20. Nb5 Rf7 21. f3
Nf6 22. b4 g5 23. c5 bxc5 24. bxc5 dxc5 25. dxc5 Rb8 26. Rab1 Nd5 27. Kf2 Rf6
28. Nd4 Re8 29. Rb7 Rh6 30. Rh1 g4 31. Nb5 Re7 32. fxg4 fxg4 33. e4 Rf7+ 34. Ke2
Nf6 35. Ke3 Rh5 36. Rxc7 Rxc7 37. Nxc7 Rxc5 38. Nxe6 Re5 39. Nd4 Rxe4+ 40. Kd3
Re5 41. Rf1 Kf7 42. Rf5 Re1 43. Rxa5 Rh1 44. Ra7+ Kg6 45. Ne2 Rxh2 46. Nf4+ Kh6
47. Ra6 Kg7 48. Ra7+ Kh6 49. Ra6 Kg7 50. Ra7+ Kh6 1/2-1/2

[Event "25th European Teams"]
[Site "Batumi GEO"]
[Date "2025.10.12"]
[Round "7.20"]
[Board "2"]
[White "Makharadze, Jambul"]
[Black "Muir, Andrew J"]
[Result "1-0"]
[BlackTitle "IM"]
[WhiteElo "2291"]
[BlackElo "2157"]
[WhiteTeam "Georgia 4"]
[BlackTeam "Scotland"]
[WhiteFideId "13601369"]
[BlackFideId "2400138"]
[EventDate "2025.10.05"]

1. d4 d5 2. c4 e6 3. Nf3 Nf6 4. Nc3 c6 5. e3 Nbd7 6. Bd3 dxc4 7. Bxc4 b5 8. Bd3
Bb7 9. O-O a6 10. a4 b4 11. Ne4 c5 12. Nxf6+ Nxf6 13. Qe2 cxd4 14. exd4 Be7 15.
Bf4 O-O 16. Be5 a5 17. Rac1 Rc8 18. Ba6 Qd7 19. Bxb7 Qxb7 20. Qb5 Qa8 21. h3 h6
22. Nd2 Rxc1 23. Rxc1 Rc8 24. Rxc8+ Qxc8 25. Nc4 Bd8 26. b3 Qa8 27. f3 Qa7 28.
Kf1 Nd7 29. Ke2 Bb6 30. d5 Bg1 31. Bg3 exd5 32. Qxd5 Nc5 33. Kf1 Nxb3 34. Qd8+
Kh7 35. Qd3+ Kg8 36. Qxb3 Bd4 37. Be1 Qc7 38. Bd2 Qh2 39. Be3 Qh1+ 40. Kf2 Bc3
41. Bd2 Bd4+ 42. Ne3 Qa1 43. f4 g6 44. Kf3 Kg7 45. Qd5 Kg8 46. Qxa5 b3 47. Qd8+
Kh7 48. Qd5 Qxa4 49. Qxf7+ Kh8 50. Qf8+ Kh7 51. Qe7+ Kg8 52. Qd8+ Kf7 53. Qc7+
Kg8 54. Qc4+ Qxc4 55. Nxc4 b2 56. Na3 Kf7 57. Ke4 Bf6 58. Nb1 Ke6 59. Bc3 Bxc3
60. Nxc3 h5 61. g4 hxg4 62. hxg4 Kf6 63. Kd3 Ke6 64. Kc2 Kd6 65. Kxb2 Kc5 66.
Kc2 Kd4 67. Kd2 1-0

[Event "25th European Teams"]
[Site "Batumi GEO"]
[Date "2025.10.12"]
[Round "7.20"]
[Board "3"]
[White "Grant, Jonathan I M"]
[Black "Didmanidze, Tengiz"]
[Result "0-1"]
[WhiteElo "2134"]
[BlackElo "1995"]
[WhiteTeam "Scotland"]
[BlackTeam "Georgia 4"]
[WhiteFideId "2400294"]
[BlackFideId "13611410"]
[EventDate "2025.10.05"]

1. c4 g6 2. Nc3 c5 3. g3 Bg7 4. Bg2 Nc6 5. d3 a6 6. Nf3 e6 7. Bg5 Nge7 8. Qc1
O-O 9. O-O d5 10. cxd5 exd5 11. e4 dxe4 12. dxe4 Qa5 13. Rd1 Bg4 14. h3 Bxf3 15.
Bxf3 b5 16. Bg2 Ra7 17. Kh2 c4 18. Nd5 Nxd5 19. exd5 Ne5 20. d6 Nd3 21. Rxd3
cxd3 22. Qc5 Rd7 23. Bc6 Rdd8 24. b4 Qa4 25. Rc1 Bb2 26. Re1 Qc2 27. Bxd8 Rxd8
28. d7 Kg7 29. Re8 Qxc5 30. bxc5 d2 31. Rxd8 d1=Q 32. Re8 Bf6 33. Bg2 Qxd7 34.
Ra8 Qd4 35. c6 Qxf2 36. c7 Be5 0-1

[Event "25th European Teams"]
[Site "Batumi GEO"]
[Date "2025.10.12"]
[Round "7.20"]
[Board "4"]
[White "Gaprindashvili, Valeriane"]
[Black "Mitchell, Martin"]
[Result "1-0"]
[WhiteTitle "GM"]
[WhiteElo "2347"]
[BlackElo "2117"]
[WhiteTeam "Georgia 4"]
[BlackTeam "Scotland"]
[WhiteFideId "13601091"]
[BlackFideId "2400634"]
[EventDate "2025.10.05"]

1. e4 d6 2. d4 Nf6 3. Nc3 g6 4. Be3 c6 5. h3 Nbd7 6. f4 Bg7 7. Nf3 O-O 8. g4 Qa5
9. Qd2 c5 10. a3 cxd4 11. Nxd4 a6 12. Be2 Qc7 13. O-O-O e5 14. Nb3 exf4 15. Bxf4
Ne8 16. Nd5 Qd8 17. Bg5 f6 18. Be3 Rb8 19. h4 Ne5 20. Bb6 Qd7 21. Ba7 Ra8 22.
Nb6 Rxa7 23. Nxd7 Bxd7 24. Qd4 Ra8 25. h5 Rc8 26. hxg6 hxg6 27. Qd5+ Rf7 28.
Qxb7 Bxg4 29. Qxa6 Nc7 30. Bxg4 Nxa6 31. Bxc8 1-0

[Event "25th European Teams"]
[Site "Batumi GEO"]
[Date "2025.10.13"]
[Round "8.1"]
[Board "1"]
[White "Ponomariov, Ruslan"]
[Black "Mamedyarov, Shakhriyar"]
[Result "1/2-1/2"]
[WhiteTitle "GM"]
[BlackTitle "GM"]
[WhiteElo "2633"]
[BlackElo "2742"]
[WhiteTeam "Ukraine"]
[BlackTeam "Azerbaijan"]
[WhiteFideId "14103320"]
[BlackFideId "13401319"]
[EventDate "2025.10.05"]

1. e4 e5 2. Nf3 Nf6 3. Nxe5 d6 4. Nf3 Nxe4 5. Qe2 Qe7 6. Nc3 Nxc3 7. dxc3 Qxe2+
8. Bxe2 Be7 9. Be3 Nc6 10. O-O-O Be6 11. b3 a6 12. Rhe1 h6 13. Nd4 Nxd4 14. Bxd4
Bg5+ 15. Kb2 c5 16. Bh5 O-O-O 17. Be3 Bf6 18. Bf4 Kc7 19. a3 b5 20. b4 cxb4 21.
axb4 a5 22. bxa5 b4 23. Re3 g5 24. Bg3 g4 25. f3 bxc3+ 26. Ka3 Kc6 27. Bxg4 Bc4
28. Kb4 Ba6 29. Rxc3+ Bxc3+ 30. Kxc3 h5 1/2-1/2

[Event "25th European Teams"]
[Site "Batumi GEO"]
[Date "2025.10.13"]
[Round "8.1"]
[Board "2"]
[White "Mamedov, Rauf"]
[Black "Volokitin, Andrei"]
[Result "1-0"]
[WhiteTitle "GM"]
[BlackTitle "GM"]
[WhiteElo "2655"]
[BlackElo "2617"]
[WhiteTeam "Azerbaijan"]
[BlackTeam "Ukraine"]
[WhiteFideId "13401653"]
[BlackFideId "14107090"]
[EventDate "2025.10.05"]

1. e4 c5 2. Nf3 d6 3. d4 cxd4 4. Nxd4 Nf6 5. Nc3 a6 6. f4 e5 7. Nb3 Nc6 8. f5
Be7 9. Bd3 g6 10. Bg5 gxf5 11. exf5 d5 12. O-O Rg8 13. Bh4 b5 14. Kh1 Bb7 15.
Bxf6 Bxf6 16. Nc5 Ra7 17. Qh5 Ne7 18. Rad1 Qb6 19. b4 e4 20. N3xe4 dxe4 21. Bxe4
Bc8 22. Qh6 Rg4 23. Ne6 fxe6 24. Qxf6 Rg8 25. Bf3 Rd7 26. fxe6 Rxd1 27. Qf7+ Kd8
28. Rxd1+ 1-0

[Event "25th European Teams"]
[Site "Batumi GEO"]
[Date "2025.10.13"]
[Round "8.1"]
[Board "3"]
[White "Kovalenko, Igor"]
[Black "Safarli, Eltaj"]
[Result "1/2-1/2"]
[WhiteTitle "GM"]
[BlackTitle "GM"]
[WhiteElo "2669"]
[BlackElo "2630"]
[WhiteTeam "Ukraine"]
[BlackTeam "Azerbaijan"]
[WhiteFideId "14117908"]
[BlackFideId "13402129"]
[EventDate "2025.10.05"]

1. d4 d5 2. Nf3 Nf6 3. c4 e6 4. Nc3 Be7 5. Bf4 O-O 6. e3 c5 7. dxc5 Bxc5 8. Be2
dxc4 9. Bxc4 a6 10. Bd3 Nbd7 11. Qc2 h6 12. Rd1 b6 13. O-O Bb7 14. Ne5 Qe7 15.
Nxd7 Nxd7 16. Ne4 Rfc8 17. Qe2 f5 18. Nxc5 Nxc5 19. Bb1 Rd8 20. f3 a5 21. Rxd8+
Rxd8 22. Rd1 Ba6 23. Qe1 Nd3 24. Bxd3 Rxd3 25. Rxd3 Bxd3 26. Qc3 Bb1 27. Qb3 Kh7
28. Qxb6 e5 29. Bg3 f4 30. Bf2 e4 31. exf4 exf3 32. gxf3 Qe2 33. Kg2 Bxa2 34.
Qxa5 Qxb2 35. Kg3 Qc2 36. Bd4 Qg6+ 37. Kf2 Qc2+ 38. Kg3 1/2-1/2

[Event "25th European Teams"]
[Site "Batumi GEO"]
[Date "2025.10.13"]
[Round "8.1"]
[Board "4"]
[White "Suleymanli, Aydin"]
[Black "Samunenkov, Ihor"]
[Result "1/2-1/2"]
[WhiteTitle "GM"]
[BlackTitle "GM"]
[WhiteElo "2614"]
[BlackElo "2568"]
[WhiteTeam "Azerbaijan"]
[BlackTeam "Ukraine"]
[WhiteFideId "13413937"]
[BlackFideId "14187086"]
[EventDate "2025.10.05"]

1. e4 e5 2. Nf3 Nf6 3. d4 Nxe4 4. Bd3 Nc6 5. Nxe5 Nxe5 6. dxe5 Nc5 7. Bc4 d6 8.
Qf3 Ne6 9. exd6 Bxd6 10. Be3 Qe7 11. Nd2 Nd4 12. Qxf7+ Qxf7 13. Bxf7+ Kxf7 14.
Bxd4 Re8+ 15. Be3 a5 16. O-O-O Bg4 17. Rde1 a4 18. Nc4 Bf8 19. Bf4 Be6 20. Ne5+
Kg8 21. a3 b5 22. Nd3 Bc4 23. Rxe8 Rxe8 24. Rd1 c6 25. Be3 Kf7 26. Kd2 h6 27. f4
Bd6 28. g3 Re4 29. Re1 g6 30. Nf2 Re8 31. Nd3 h5 32. Bc5 1/2-1/2

[Event "25th European Teams"]
[Site "Batumi GEO"]
[Date "2025.10.13"]
[Round "8.2"]
[Board "1"]
[White "Vitiugov, Nikita"]
[Black "Giri, Anish"]
[Result "1/2-1/2"]
[WhiteTitle "GM"]
[BlackTitle "GM"]
[WhiteElo "2654"]
[BlackElo "2759"]
[WhiteTeam "England"]
[BlackTeam "Netherlands"]
[WhiteFideId "4152956"]
[BlackFideId "24116068"]
[EventDate "2025.10.05"]

1. e4 c5 2. Nf3 d6 3. Nc3 Nf6 4. d4 cxd4 5. Qxd4 Nc6 6. Bb5 Bd7 7. Qd3 g6 8. Bg5
Bg7 9. O-O-O Ng4 10. Qd2 h6 11. Bh4 g5 12. Bg3 Qa5 13. Bxc6 Bxc6 14. Nd4 Bd7 15.
h4 Rc8 16. hxg5 Qxg5 17. Bf4 Qa5 18. f3 Rxc3 19. bxc3 Qxa2 20. Nb3 Ne5 21. Bxe5
Bxe5 22. Rh5 Be6 23. Rxe5 Qa3+ 24. Kb1 Bxb3 25. cxb3 Qxb3+ 26. Ka1 Qa3+ 27. Kb1
Qb3+ 28. Ka1 Qa3+ 29. Kb1 Qb3+ 30. Ka1 Qa3+ 1/2-1/2

[Event "25th European Teams"]
[Site "Batumi GEO"]
[Date "2025.10.13"]
[Round "8.2"]
[Board "2"]
[White "Van Foreest, Jorden"]
[Black "Adams, Michael"]
[Result "1/2-1/2"]
[WhiteTitle "GM"]
[BlackTitle "GM"]
[WhiteElo "2697"]
[BlackElo "2646"]
[WhiteTeam "Netherlands"]
[BlackTeam "England"]
[WhiteFideId "1039784"]
[BlackFideId "400041"]
[EventDate "2025.10.05"]

1. e4 e5 2. Nf3 Nc6 3. Bb5 a6 4. Ba4 Nf6 5. O-O Be7 6. Re1 b5 7. Bb3 O-O 8. a4
b4 9. d3 d6 10. c3 h6 11. Nbd2 Re8 12. a5 Bf8 13. Nc4 Rb8 14. Bd2 Bd7 15. h3 Qc8
16. Ne3 bxc3 17. bxc3 Ne7 18. Nh4 Be6 19. Ba4 Bd7 20. Bc2 Ng6 21. Nxg6 fxg6 22.
Qf3 Be7 23. d4 Kh7 24. Bd3 Bd8 25. Reb1 Rxb1+ 26. Rxb1 Qa8 27. Nd5 Nxd5 28. exd5
e4 29. Bxe4 Rxe4 30. Qxe4 Bf5 31. Qe1 Bxb1 32. Qxb1 Qxd5 33. Qb8 Bg5 34. Bxg5 1/2-1/2

[Event "25th European Teams"]
[Site "Batumi GEO"]
[Date "2025.10.13"]
[Round "8.2"]
[Board "3"]
[White "Maroroa Jones, Gawain C B"]
[Black "Warmerdam, Max"]
[Result "1/2-1/2"]
[WhiteTitle "GM"]
[BlackTitle "GM"]
[WhiteElo "2643"]
[BlackElo "2582"]
[WhiteTeam "England"]
[BlackTeam "Netherlands"]
[WhiteFideId "409561"]
[BlackFideId "1048104"]
[EventDate "2025.10.05"]

1. Nf3 d5 2. g3 Nd7 3. d4 Nb6 4. Nc3 Bf5 5. Nh4 Bg4 6. Qd3 Nf6 7. Bg2 e6 8. h3
Bh5 9. O-O c6 10. g4 Nfd7 11. Qg3 Bg6 12. Nxg6 hxg6 13. e4 Be7 14. b3 O-O 15.
Bb2 a5 16. a4 dxe4 17. Nxe4 Nd5 18. c4 N5f6 19. Nc3 Qb6 20. Rad1 Rfe8 21. Ne2
Rad8 22. Rd3 Nb8 23. Rfd1 c5 24. Qf3 Nc6 25. d5 exd5 26. cxd5 Nb4 27. R3d2 Rxd5
28. Rxd5 Nfxd5 29. Rxd5 Nxd5 30. Qxd5 Rd8 31. Qc4 Rd1+ 32. Bf1 Qb4 33. Bc3 Qxc4
34. bxc4 b6 35. Be5 Bf6 36. Bc7 Ra1 37. Bxb6 Rxa4 38. Ng3 Ra1 39. Bxc5 a4 40.
Ne4 Be5 41. Bb4 a3 42. Nc3 Bd4 43. Kg2 a2 44. Nxa2 Rxa2 45. Be1 Bc5 46. Kf3 Kf8
47. Bd3 Ke7 48. Be4 Ra3+ 49. Kg2 Ra1 50. Bd2 Ra2 51. Bg5+ f6 52. Bh4 g5 53. Bg3
Bd6 54. Bd5 Ra3 55. Bxd6+ Kxd6 56. Bg8 Rc3 57. Bf7 Ke7 58. Bd5 Ra3 59. Bg8 Rb3
60. Kh2 Rc3 61. Kg2 g6 62. Bd5 f5 63. Bg8 Kf6 64. Bd5 f4 65. Bg8 Ke7 66. Bd5 Kf6
67. Bg8 Ra3 68. Bd5 Ra7 69. Bc6 Rc7 70. Bd5 Ke5 71. Kf3 Ra7 72. Bc6 Kd4 73. Bd5
Ra3+ 74. Kg2 Ra7 75. Kf3 Rc7 76. Be4 Rxc4 77. Bxg6 Rc3+ 78. Kg2 Ra3 79. Bf5 Rb3
80. Bc2 Rc3 81. Bf5 Ra3 82. Bg6 Ra6 83. Bf5 Rh6 84. Bb1 Kc3 85. Be4 Kd2 86. Bb1
Ke1 87. Bf5 Rh8 88. Bg6 Rh6 89. Bf5 Rh4 90. Be4 Rh8 91. Bg6 Ke2 92. Be4 Re8 93.
Bc6 Re6 94. Bd5 Rd6 95. Be4 Rd4 96. Bc6 Rd8 97. h4 gxh4 98. f3 Rh8 99. Kh3 Ke3
100. Be4 Kd4 101. Bg6 Ke5 102. Bh5 Kf6 103. Kxh4 Rg8 104. Kh3 Rd8 105. Kg2 Kg5
106. Kf2 Rd2+ 107. Kf1 Rd8 108. Kf2 Kf6 109. Ke2 Rd7 110. Kf2 Re7 111. Kf1 Kg7
112. Kf2 Kh7 113. Kg2 Kh6 114. Kf1 Kg5 115. Kf2 Kf6 116. Kf1 Ke5 117. Bg6 Kd4
118. Kf2 Ra7 119. Be4 Ra2+ 120. Kf1 Ke3 121. Kg1 Rb2 122. Kf1 Rd2 123. Kg1 Ra2
124. Kf1 Rh2 125. Kg1 Rd2 126. Kf1 Kd4 127. Ke1 Ra2 128. Kf1 Ke5 129. Ke1 Kf6
130. Bd5 Rb2 131. Be4 Kg5 132. Kf1 Kh4 133. Ke1 Kg3 134. Kf1 Rb3 135. Bd5 Ra3
136. Be4 Ra1+ 137. Ke2 Kg2 138. Bd5 Ra3 139. Kd2 Re3 140. Bc6 Kf2 141. Be4 Ra3
142. Bd5 Ra6 143. Kd3 Rd6 1/2-1/2

[Event "25th European Teams"]
[Site "Batumi GEO"]
[Date "2025.10.13"]
[Round "8.2"]
[Board "4"]
[White "L'Ami, Erwin"]
[Black "McShane, Luke J"]
[Result "1/2-1/2"]
[WhiteTitle "GM"]
[BlackTitle "GM"]
[WhiteElo "2615"]
[BlackElo "2614"]
[WhiteTeam "Netherlands"]
[BlackTeam "England"]
[WhiteFideId "1007998"]
[BlackFideId "404853"]
[EventDate "2025.10.05"]

1. e4 e5 2. Nf3 Nc6 3. Nc3 Nf6 4. Bb5 Bb4 5. O-O O-O 6. d3 Bxc3 7. bxc3 d6 8.
Nd2 Ne7 9. d4 Bd7 10. Bd3 Ng6 11. Re1 Re8 12. dxe5 dxe5 13. Nc4 Be6 14. f3 Nd7
15. Ne3 Nb6 16. Bb5 c6 17. Qxd8 Rexd8 18. Bf1 Na4 19. c4 Nf8 20. Rb1 Rab8 21.
Ba3 f6 22. Rb3 b6 23. Bxf8 Kxf8 24. Ra3 Nc5 25. Rxa7 Ra8 26. Rxa8 Rxa8 27. Rb1
Ra6 28. Nd5 Ra7 29. Nb4 Bd7 30. Nd3 Rxa2 31. Rxb6 Ne6 32. Rb2 Rxb2 33. Nxb2 Ke7
34. Kf2 Kd6 35. Ke3 Nc5 36. Kd2 Kc7 37. Kc3 Be6 38. Nd1 Kb6 39. Nf2 Ka5 40. Kb2
Kb4 41. c3+ Ka5 42. g3 Kb6 43. Kc2 1/2-1/2

[Event "25th European Teams"]
[Site "Batumi GEO"]
[Date "2025.10.13"]
[Round "8.3"]
[Board "1"]
[White "Predke, Alexandr"]
[Black "Keymer, Vincent"]
[Result "0-1"]
[WhiteTitle "GM"]
[BlackTitle "GM"]
[WhiteElo "2634"]
[BlackElo "2755"]
[WhiteTeam "Serbia"]
[BlackTeam "Germany"]
[WhiteFideId "24107581"]
[BlackFideId "12940690"]
[EventDate "2025.10.05"]

1. d4 Nf6 2. c4 e6 3. Nf3 b6 4. Bf4 Bb7 5. e3 Bb4+ 6. Nfd2 O-O 7. a3 Be7 8. Nc3
d6 9. Be2 c5 10. d5 exd5 11. Bf3 a6 12. g4 b5 13. g5 Ne4 14. Ndxe4 dxe4 15. Nxe4
Ra7 16. h4 bxc4 17. Nc3 Nd7 18. Bxb7 Rxb7 19. Qc2 Nb6 20. e4 d5 21. exd5 Bd6 22.
Bxd6 Re8+ 23. Kf1 Qxd6 24. Rd1 Qf4 25. Rh3 Rd7 26. Qd2 Qg4 27. Re3 Rde7 28. Rg3
Qxh4 29. Kg2 Nc8 30. d6 Rd7 31. Rh1 Qd4 32. Qc2 g6 33. Rd1 Qe5 34. f4 Qe6 35.
Nd5 Rxd6 36. Nf6+ Kf8 37. Nxe8 Qxe8 38. f5 gxf5 39. Rf3 Qe4 40. Rd2 Rd4 41. Re2
Qxc2 42. Rxc2 Nd6 43. Re2 Rd5 44. b3 Kg7 45. bxc4 Nxc4 46. Re8 Nd2 47. Rc3 Ne4
48. Rb3 Rd2+ 49. Kf1 Ra2 50. Rb6 Rxa3 51. Ra8 f4 52. Rbxa6 Rf3+ 53. Kg2 Rg3+ 54.
Kh2 Nxg5 55. Kh1 f3 56. Ra2 Ne4 57. Kh2 Rg5 0-1